| 000 | 00957nam a22002417a 4500 | ||
|---|---|---|---|
| 999 |
_c8826 _d8826 |
||
| 003 | AR-CdUCM | ||
| 008 | 190326b ||||| |||| 00| 0 spa d | ||
| 020 | _a978-612-305-109-9 | ||
| 040 |
_aMUNICIPALIDAD PROVINCIAL DEL CUSCO _cBIBLIOTECA MUNICIPAL DEL CUSCO |
||
| 082 |
_aPI-0001 / _bWAT / leo |
||
| 100 |
_aWatabe, José _924583 |
||
| 245 | _aLeoncio y el doctor veterinario / | ||
| 260 |
_aLima : _bPeisa, _c2017. |
||
| 300 |
_a36 páginas ; _bilustraciones a color, _c25 cm. |
||
| 440 |
_aSerie Quirquincho Peisa _924584 |
||
| 500 | _aEste cuento de José Watanabe en Puquio Alto-un pequeño y hermoso pueblo de Ayacucho-, tiene como protagonista a Leoncio, un niño de ocho años que, movido por su gran curiosidad , quiere saberlo todo. | ||
| 650 |
_aCuentos infantiles _93927 |
||
| 650 |
_aCuentos infantiles peruanos _93914 |
||
| 650 |
_aSiglo XX _98 |
||
| 700 |
_aChung, Beatriz (Ilustraciones) _924585 |
||
| 942 |
_2ddc _cLIBROS |
||
| 945 | _araen | ||